30 North American animals - Statistics

General Stats
  • This quiz has been taken 181 times
  • The average score is 25 of 30
Answer Stats
Picture Answer % Correct
Grizzly bear
100%
Polar bear
100%
Bald eagle
99%
Black bear
99%
Moose
99%
Wolf
99%
Bison
97%
Owl
97%
Deer
95%
Alligator
93%
Beaver
93%
Elk
93%
Raccoon
92%
Red fox
90%
Cougar
88%
Flamingo
85%
Coyote
82%
Rattlesnake
82%
Hawk
81%
Chipmunk
79%
Mountain goat
78%
Porcupine
78%
Monarch butterfly
75%
Arctic fox
68%
Axolotl
66%
Opossum
65%
Prairie dog
60%
Sea otter
57%
Bighorn sheep
46%
Pronghorn
41%
No matching quizzes found
Score Distribution
Percent of People with Each Score
Percentile by Number Answered
Your Score History
You have not taken this quiz